000 01143nam a22002417a 4500
005 20250407080824.0
008 240911b ||||| |||| 00| 0 eng d
082 _aDPer 621.317 Ie21 December 2022 v.37 n. 12 part 1&2.
100 _aSeo, Jeong-II.
_eauthor.
_960667
245 _aA 95.1% efficiency hybrid hysteretic reconfigurable 3-level buck converter with improved load transient response /
_cJeong-II Seo, Baek-Min Lim, Won-Jong Choi, Young-Seok Noh, and Sang-Gug Lee.
260 _aNew York ;
_bThe Institute of Electrical and Electronics Engineers, Inc.,
_cDecember 2022.
300 _avolume 37, pages 14916-14925,
_billustration.
500 _aIEEE Transactions on Power Electronics, v. 37 n. 12, pages 14916-14925, December 2022.
650 0 _ahybrid hysteretic control.
_966170
650 0 _aload transient response.
_966171
650 0 _areconfigurable 3-level.
_966172
700 _aSeo, Jeong-II.
_eauthor.
_960667
700 _aLim, Baek-Min.
_eauthor.
_960668
700 _aChoi, Won-Jong.
_eauthor.
_960669
700 _aNoh, Young-Seok.
_eauthor.
_960670
700 _aLee, Sang-Gug.
_eauthor.
_960671
942 _2ddc
_cPER
999 _c21497
_d21497